00419nam a2200193Ia 4500003000900000008004100009040001300050040001300063041000800076100002100084245004000105250000900145260001200154260000900166300001100175300001000186490002300196490000600219IT-RoPAU120407s9999 xx 000 0 und d aIT-RoPAU cIT-RoPAU aita aAdriano Ossicini aEsperienze di psicologia di gruppo. aRoma aStudium c1964 a120 p. c17 cm aUniversale Studium v1